000 00733pam a2200241 a 4500
001 2407033
003 OSt
005 20180212175123.0
008 861202s1987 ne a b 001 0 eng
010 _a 86031441
020 _a9781844073146
040 _aDLC
_cDLC
_dDLC
082 0 0 _a333.7923
_219
_bADV 2007
245 1 0 _aAdvances in solar energy :
_cD. Yogi Goswami.
_ban annual review of research and development /
250 _avol.17
260 _aLondon
_bEarthscan
_c2007
300 _axxvii, 308p :
_bill. ;
_c20 cm.
504 _aIncludes bibliographies and indexes.
650 0 _aSolar energy.
_94599
700 _a Goswami, D. Yogi
_912449
906 _a7
_bcbc
_corignew
_d1
_eocip
_f19
_gy-gencatlg
942 _2ddc
_cO_SHELF
999 _c5998
_d5998